El Lazarillo de Tormes / Diego Hurtado De Mendoza (Registro nro. 6009)
[ vista simple ]
| 000 -LEADER | |
|---|---|
| fixed length control field | 00437nam a22001691a 4500 |
| 001 - CONTROL NUMBER | |
| control field | 6009 |
| 003 - CONTROL NUMBER IDENTIFIER | |
| control field | OSt |
| 005 - DATE AND TIME OF LATEST TRANSACTION | |
| control field | 20260204212036.0 |
| 008 - FIXED-LENGTH DATA ELEMENTS--GENERAL INFORMATION | |
| fixed length control field | 060328s1982||||dr ||||||b||||||||||spa|| |
| 050 ## - LIBRARY OF CONGRESS CALL NUMBER | |
| Classification number | RD 863.3 M523l |
| 100 ## - ASIENTO PRINCIPAL -- NOMBRE PERSONAL | |
| Personal name | De Mendoza, Diego Hurtado |
| 245 ## - TÍTULO PROPIAMENTE DICHO: SUBTÍTULO | |
| Title | El Lazarillo de Tormes / Diego Hurtado De Mendoza |
| 264 ## - PRODUCTION, PUBLICATION, DISTRIBUTION, MANUFACTURE, AND COPYRIGHT NOTICE | |
| Place of production, publication, distribution, manufacture | Santo Domingo : Central de Libros |
| 300 ## - PHYSICAL DESCRIPTION | |
| Extensión | 85 p |
| 650 ## - ASIENTO SECUNDARIO DE MATERIA -- TERMINO TEMÁTICO | |
| Termino Temático Como Elemento de Entrada | Novela EspañolaÌ |
| 942 ## - ADDED ENTRY ELEMENTS (KOHA) | |
| Source of classification or shelving scheme | Dewey Decimal Classification |
| Koha item type | Libros |
| Withdrawn status | Lost status | Source of classification or shelving scheme | Damaged status | Not for loan | Current library | Date acquired | Full call number | Barcode | Date last seen | Price effective from | Koha item type |
|---|---|---|---|---|---|---|---|---|---|---|---|
| Dewey Decimal Classification | Dañado | Biblioteca UTECO | 09/09/2019 | RD 863.3 M523L | 009900 | 09/09/2019 | 09/09/2019 | Libros |
